Art nouveau architecture (Record no. 9501)

000 -LEADER
fixed length control field 00351nam a2200145 4500
003 - CONTROL NUMBER IDENTIFIER
control field OSt
005 - DATE AND TIME OF LATEST TRANSACTION
control field 20210629165654.0
008 - FIXED-LENGTH DATA ELEMENTS--GENERAL INFORMATION
fixed length control field 210629b ||||| |||| 00| 0 eng d
020 ## - INTERNATIONAL STANDARD BOOK NUMBER
International Standard Book Number 9780486804552
082 ## - DEWEY DECIMAL CLASSIFICATION NUMBER
Classification number 720.94
100 ## - MAIN ENTRY--PERSONAL NAME
Personal name Gradl, M. J.
245 ## - TITLE STATEMENT
Title Art nouveau architecture
260 ## - PUBLICATION, DISTRIBUTION, ETC. (IMPRINT)
Place of publication, distribution, etc New York
Name of publisher, distributor, etc Art Nouveau architecture
Date of publication, distribution, etc 2016
942 ## - ADDED ENTRY ELEMENTS (KOHA)
Source of classification or shelving scheme
Holdings
Withdrawn status Lost status Source of classification or shelving scheme Damaged status Koha normalized classification for sorting Not for loan Permanent location Current location Date acquired Total Checkouts Full call number Barcode Date last seen Date last borrowed Price effective from Koha item type
        720_940000000000000   BMS College of Architecture, Design and Planning BMS College of Architecture, Design and Planning 2021-06-29 2 720.94 AR-UG2264 2025-07-18 2025-05-30 2021-06-29 UG Books
Copyright © 2025, The Librarian, Library and Information Centre, BMSCA D&P, Bengaluru. All Rights Reserved
web counter

Powered by Koha